Statistics for Fed Cup champions

Click here to take the quiz!

General Stats

  • This quiz has been taken 32 times
    (31 since last reset)
  • The average score is 10 of 13

Answer Stats

HintAnswer% Correct
2France
97%
17USA
97%
5Spain
93%
4Russia
90%
1Germany
87%
4Italy
87%
7Australia
83%
5Czechoslovakia
77%
4Czech Republic
77%
1Belgium
53%
1Slovakia
53%
1West Germany
53%
1South Africa
27%

Score Distribution

Percentile by Number Answered

Percent of People with Each Score

Your Score History

You have not taken this quiz since the last reset